[Event "Batmany ISUCT Rating"]
[Site "Batmany"]
[Date "2010.12.07"]
[Round "9.3"]
[White "Shkolov, Alexander"]
[Black "Gorshkov, Daniil"]
[Result "1/2-1/2"]
[WhiteElo "2060"]
[BlackElo "2133"]
[PlyCount "75"]
[EventDate "2010.11.29"]
[EventType "tourn"]
[EventRounds "10"]
[EventCountry "RUS"]
[SourceTitle "EXT 2022"]
[Source "ChessBase"]
[SourceDate "2021.10.06"]
[SourceVersion "1"]
[SourceVersionDate "2021.10.06"]
[SourceQuality "1"]

1. e4 e6 2. d4 d5 3. e5 c5 4. Nf3 Nc6 5. Bb5 Qb6 6. Nc3 Nge7 7. 0-0 Ng6 8. Be3 a6 9. Bxc6+ Qxc6 10. b3 Be7 11. dxc5 Bxc5 12. Bxc5 Qxc5 13. Na4 Qc7 14. Qd4 b5 15. Nb6 Rb8 16. Nxc8 Rxc8 17. Rac1 0-0 18. c4 dxc4 19. bxc4 bxc4 20. Rc3 Rfd8 21. Qe4 Qc6 22. Qxc6 Rxc6 23. Rfc1 h6 24. h3 Nf4 25. Kf1 Rd5 26. Rxc4 Rxc4 27. Rxc4 Rd1+ 28. Ne1 Nxg2 29. Kxg2 Rxe1 30. Rc8+ Kh7 31. Ra8 Rxe5 32. Rxa6 Rd5 33. a4 Rd1 34. a5 Ra1 35. Ra7 f6 36. Re7 Rxa5 37. Rxe6 Rg5+ 38. Kf3 1/2-1/2

[Event "Batmany ISUCT Rating"]
[Site "Batmany"]
[Date "2010.12.05"]
[Round "7.3"]
[White "Shkolov, Alexander"]
[Black "Malyshev, Alexandr"]
[Result "1/2-1/2"]
[WhiteElo "2060"]
[BlackElo "1955"]
[PlyCount "76"]
[EventDate "2010.11.29"]
[EventType "tourn"]
[EventRounds "10"]
[EventCountry "RUS"]
[SourceTitle "EXT 2022"]
[Source "ChessBase"]
[SourceDate "2021.10.06"]
[SourceVersion "1"]
[SourceVersionDate "2021.10.06"]
[SourceQuality "1"]

1. e4 c6 2. d4 d5 3. exd5 cxd5 4. Nc3 Nf6 5. Bg5 e6 6. Nf3 Be7 7. Bd3 0-0 8. 0-0 Nc6 9. Ne5 Nxe5 10. dxe5 Nd7 11. Qh5 g6 12. Bxe7 Qxe7 13. Qe2 a6 14. f4 Nc5 15. Rad1 Bd7 16. Rf3 Kg7 17. Rg3 b5 18. Rf1 b4 19. Nd1 Nxd3 20. cxd3 f6 21. Rff3 fxe5 22. fxe5 Rxf3 23. Rxf3 Rf8 24. Ne3 Qc5 25. Rxf8 Qxf8 26. d4 Bb5 27. Qg4 Qf7 28. Qg5 h6 29. Qg4 Bd3 30. a3 b3 31. h3 Bf5 32. Nxf5+ Qxf5 33. Qxf5 gxf5 34. Kf2 Kg6 35. g3 h5 36. h4 Kf7 37. Ke3 Kg6 38. Kf4 Kh6 1/2-1/2